Responses for Show #7905 - Friday, January 11, 2019

Anneke Garcia game 2.

Contestants

[<< previous game]

Jocelyn Martich, a retired operations manager from Greensboro, North Carolina

Sarah Ann, a library and research professional from San Diego, California

Anneke Garcia, an instructional design consultant from Salt Lake City, Utah (whose 1-day cash winnings total $25,601)

[next game >>]

Jeopardy! Round responses

SHARK TANK 10
(Alex: Celebrating its tenth anniversary. And each clue in the category will be delivered by one of the stars of that popular show.)
2 WORDS TO COMPLETE THE PROVERB
ESSENTIAL EARLS
A SIMPLE FLICK OF THE WRIST
THE STATE OF NATURE
(Alex: We'll give you a natural wonder; you identify the state for us.)
GOING "DUTCH"
    $200 9
royalty

Sarah
    $200 11
twice shy

Sarah
    $200 18
piano

Sarah
    $200 23
Frisbee

Jocelyn
    $200 1
(Alex: It's in the Everglades.)

Florida

Anneke
    $200 14
double Dutch

Sarah
    $400 10
lobster

Anneke
    $400 6
weakest link

Anneke
    $400 19
Earl Warren

Anneke
    $400 25
(Jocelyn: [*]? What is [*]?)

National Hockey League

Jocelyn
    $400 2
Missouri

Sarah
    $400 15
Dutch elm disease

Jocelyn
    $600 16
fear of missing out

Sarah
    $600 7
never boils

Jocelyn
    $600 20
the Baltimore Orioles

Triple Stumper
    $600 26
(Alex: Less than a minute now.)

free throw

Anneke
    $600 3
(Sarah: What is Nevada?)

Oregon

AnnekeSarah
    $600 24
Dutch Schultz

Triple Stumper
    $800 17
a honeybee

Anneke
    $800 8
single step

Sarah
    $800 21
(Charlie) Chan

Jocelyn
    $800 27
the slider

Triple Stumper
    $800 4
(Anneke: What is North Carolina?)

Idaho

Anneke
Triple Stumper
    $800 29
a Dutch angle

Sarah
    $1000 13
Scrub Daddy

Jocelyn
    $1000 12
breeds contempt

Anneke
    $1000 22
Edward

Jocelyn
    $1000 28
horseshoes

Anneke
    $1000 5
Illinois

Sarah
    $3,000 30
the Dutch East India Company

Sarah

Scores at the first commercial break (after clue 15):

Anneke Sarah Jocelyn
$1,800 $2,200 $2,000

Scores at the end of the Jeopardy! Round:

Anneke Sarah Jocelyn
$4,600 $6,800 $4,400

Double Jeopardy! Round responses

5 "B"s OF CLASSICAL MUSIC
ADJECTIVES
FICTIONAL AMUSEMENT PARKS
U.N. NAMEABLE
30 SOMETHING
WRITERS WHO WENT TO JAIL
    $400 11
Baroque

Sarah
    $400 1
kosher

Anneke
    $400 26
Despicable Me

Anneke
    $400 18
Ban Ki-moon

Anneke
    $400 6
the Confederate States of America

Anneke
    $400 16
the IRA

Anneke
    $800 12
"The Blue Danube"

Anneke
    $800 2
unique

Jocelyn
    $800 27
Jurassic Park

Anneke
    $800 19
(Yasser) Arafat

Anneke
    $800 7
a quart

Anneke
    $800 17
Václav Havel

Jocelyn
    $1200 13
bassoon

Anneke
    $1200 3
verdant

Anneke
    $3,000 21
Colin Powell

Jocelyn
    $1200 8
(Sarah: What is skull bones?)

vertebrae

Sarah
Triple Stumper
    $1200 20
the Marquis de Sade

Jocelyn
    $1600 14
barcarole

Triple Stumper
    $1600 4
superficial

Anneke
    $1600 22
(Nikita) Khrushchev

Jocelyn
    $1600 9
the Church of England

Anneke
    $1600 24
Thoreau

Jocelyn
    $2000 15
Béla Bartók

Anneke
    $2000 5
cardiopulmonary

Anneke
    $2000 28
[The end-of-round signal sounds.]

Zombieland

Anneke
    $2000 23
Susan Rice

Triple Stumper
    $2000 10
the Helsinki Accords

Triple Stumper
    $5,000 25
(Alex: [Before Jocelyn wagers] We have less than a minute to go now, Jocelyn.)
...
(Alex: The creator of Don Quixote, yes.)

Cervantes

Jocelyn

Scores at the end of the Double Jeopardy! Round:

Anneke Sarah Jocelyn
$21,400 $6,000 $18,400

[wagering suggestions for these scores]

Final Jeopardy! Round responses

FAMOUS DOCTORS
(Alex: [To Sarah] Who is that? Is that your cat?)
(Sarah: Sad kitty.)
...
(Alex: [To Anneke] The Surrealists had chosen him as their patron saint, and Dali made an interesting drawing of him.)
SarahWho is [drawing of a "sad kitty"']?
$5,000
JocelynWho is Dr?
$10,000
AnnekeWho is Dr. Dali
$9,300
Sigmund Freud

Final scores:

Anneke Sarah Jocelyn
$12,100 $1,000 $8,400
2-day champion: $37,701 3rd place: $1,000 2nd place: $2,000

Game dynamics:

Coryat scores:

Anneke Sarah Jocelyn
$21,400 $4,000 $13,600
25 R,
1 W
11 R
(including 1 DD),
2 W
14 R
(including 2 DDs),
0 W

Combined Coryat: $39,000

[game clues] [game scores] [suggest correction]

Game tape date: 2018-11-14
The J! Archive is created by fans, for fans. Scraping, republication, monetization, and malicious use prohibited; this site may use cookies and collect identifying information. See terms. The Jeopardy! game show and all elements thereof, including but not limited to copyright and trademark thereto, are the property of Jeopardy Productions, Inc. and are protected under law. This website is not affiliated with, sponsored by, or operated by Jeopardy Productions, Inc. Join the discussion at JBoard.tv.